00531nam a2200145Ia 4500008004100000040001900041041001200060082002100072245013300093260005900226300002600285650002200311700003200333850002000365131103s9999 xx 000 0 und d aLoreto College aEnglish a839.7/LARbLCLIB aSweden's best storiesb an introduction to swedish fiction ctranslation by Charles Wharton Stork; edited by Hanna Astrup Larsen aNew YorkbThe American Scandinavian Foundationcc 1928 axxiii,365p. c 18c.m. aGerman literature aStork, Charles Wharton; tr. aLCLIB/839.7/LAR